Serie TV - Suits - Statistiques

Statistiques générales
  • Ce quiz a été pris 762 fois
  • Le résultat moyen est 8 sur 15
Statistiques - réponses
Hint Réponse % Correct
Gabriel Macht Harvey Specter
96%
Patrick J. Adams Mike Ross
90%
Rick Hoffman Louis Litt
88%
Sarah Rafferty Donna Paulsen
83%
Meghan Markle Rachel Zane
82%
Gina Torres Jessica Pearson
79%
Wendell Pierce Robert Zane
46%
David Costabile Daniel Hardman
44%
Amanda Schull Katrina Bennett
36%
Katherine Heigl Samantha Weeler
29%
Tom Lipinski Trevor Evans
24%
Dulé Hill Alex Williams
22%
Rachael Harris Sheila Sazs
19%
D.B Woodside Jeff Malhone
18%
Eric Close Travis Tanner
15%
Aucun quiz correspondant
Distribution des résultats
% des personnes avec chaque résultat
Percentile par nombre de réponses
Votre historique - résultats
Vous n’avez pas pris ce quiz